| 000 | 00485nam a2200169Ia 4500 | ||
|---|---|---|---|
| 003 | OSt | ||
| 005 | 20220901053106.0 | ||
| 008 | 211109s9999||||xx |||||||||||||| ||und|| | ||
| 040 | _cSBCL | ||
| 082 |
_a420.034 _bPIL-D |
||
| 100 | _aPillai, Ramalingam T | ||
| 245 | 0 | _aDICTIONARY | |
| 260 |
_bR S Pillai Gandariamman Street _aThiruvananthapuram _c1956 |
||
| 630 | _xPOST GRADUATE REFERENCE | ||
| 650 |
_aENGLISH AND OLD ENGLISH LITERATURE _vENGLISH LITERATURE _xMalayalam |
||
| 942 | _cBOOK | ||
| 999 |
_c20578 _d20578 |
||